| 000 | 00488nam a22001817a 4500 | ||
|---|---|---|---|
| 999 |
_c7841 _d7839 |
||
| 005 | 20220120112816.0 | ||
| 008 | 220120b ||||| |||| 00| 0 eng d | ||
| 020 | _a978-0-19-874939-3 | ||
| 041 | _aeng | ||
| 082 | _a611 | ||
| 100 |
_aKOSHI, DR. RACHEL _96962 |
||
| 245 | _aCUNNINGHAM'S MANUAL OF PRACTICAL ANATOMY: [UPPER AND LOWER LIMBS] VOL-1 | ||
| 250 | _a16TH. ED. | ||
| 260 |
_aNEW YORK _bOXFORD UNIVERSITY PREES _c2017 |
||
| 300 | _a328,p | ||
| 650 |
_aBPT _96963 |
||
| 942 | _cBK | ||